000
003180000a22001570004500
003
MACL
040
_a
MACL
090
_c
7059
_d
7058
100
_a
Aurobindo
245
_a
Light For Student
260
_b
Sri Aurobindo Ashram
_c
1982
350
_a
10
650
_a
Philosophy
942
_c
BOOK
_k
100
951
_o
100 BOOK
999
_c
7012
_d
7012